[Event "Olimpiada Calviá 2004"]
[Site "Calviá ESP"]
[Date "2004.10.20"]
[Round "6.59"]
[White "Shiomi, Ryo"]
[Black "Fulton, Anthony"]
[Result "1-0"]
[WhiteElo "2072"]
[BlackElo "2203"]
[PlyCount "79"]
[EventDate "2004.10.15"]
[EventType "team"]
[EventRounds "14"]
[EventCountry "ESP"]
[Source "lmi"]
[SourceDate "2004.10.27"]

1. e4 c5 2. c3 d5 3. exd5 Qxd5 4. d4 Nf6 5. Nf3 e6 6. Be2 Be7 7. O-O O-O 8. Ne5
cxd4 9. cxd4 Nc6 10. Bf3 Qd6 11. Bf4 Nd5 12. Bg3 Qb4 13. Nc3 Nxe5 14. Bxe5 Nxc3
15. bxc3 Qxc3 16. Be4 f5 17. Bf3 Bf6 18. Qe2 Qa5 19. Bxf6 gxf6 20. Rab1 Rb8 21.
Qe3 a6 22. Bd1 Qc7 23. Bb3 Qd6 24. Rfe1 Re8 25. Rbc1 Kh8 26. d5 e5 27. Rc4 Rg8
28. Qc3 f4 29. Rc7 Bf5 30. Rc1 Rg5 31. Qc5 Qxc5 32. R1xc5 Rg7 33. d6 Be4 34.
Rxg7 Kxg7 35. Rc7+ Kf8 36. f3 Bc6 37. Rxh7 Re8 38. Rh8+ Kg7 39. Rxe8 Bxe8 40.
Be6 1-0

[Event "Olimpiada Calviá 2004"]
[Site "Calviá ESP"]
[Date "2004.10.20"]
[Round "6.59"]
[White "Wojciechowski, Paul"]
[Black "Hayashi, Kenji"]
[Result "0-1"]
[WhiteElo "2146"]
[BlackElo "2056"]
[PlyCount "112"]
[EventDate "2004.10.15"]
[EventType "team"]
[EventRounds "14"]
[EventCountry "ESP"]
[Source "lmi"]
[SourceDate "2004.10.27"]

1. e4 c5 2. Nf3 d6 3. d4 cxd4 4. Nxd4 Nf6 5. Nc3 g6 6. f3 Bg7 7. Be3 O-O 8. Qd2
Nc6 9. O-O-O d5 10. exd5 Nxd5 11. Nxd5 Qxd5 12. Nb3 Qe5 13. c3 Qc7 14. g4 Rd8
15. Qf2 Be6 16. Rxd8+ Rxd8 17. Qc2 Qe5 18. Bd2 Qd5 19. Qe4 Qxe4 20. fxe4 Bxg4
21. Bc4 Bc8 22. Rf1 Ne5 23. Be2 Bg4 24. Bxg4 Nxg4 25. h3 Nf6 26. Bg5 Nxe4 27.
Bxe7 Rd7 28. Ba3 b6 29. Re1 f5 30. Rd1 Rxd1+ 31. Kxd1 Nf2+ 32. Ke2 Nxh3 33. Bd6
Bh6 34. Nd4 Bf4 35. Bxf4 Nxf4+ 36. Kf3 Nd3 37. b4 Kf7 38. a4 a5 39. bxa5 bxa5
40. Nc6 Nc5 41. Nxa5 Nxa4 42. c4 Nc5 43. Nc6 Kf6 44. Kg3 g5 45. Nd4 Nd3 46. Nf3
f4+ 47. Kg2 g4 48. Nd2 Ke5 49. Nb3 h5 50. Kh2 Ke4 51. Kg2 h4 52. c5 Kd5 53. c6
Kxc6 54. Nd4+ Kd5 55. Nf5 h3+ 56. Kh2 Ke4 0-1

[Event "Olimpiada Calviá 2004"]
[Site "Calviá ESP"]
[Date "2004.10.20"]
[Round "6.59"]
[White "Yamagishi, Tomohiko"]
[Black "Simmons, Matthew"]
[Result "0-1"]
[WhiteElo "2087"]
[BlackElo "2065"]
[PlyCount "34"]
[EventDate "2004.10.15"]
[EventType "team"]
[EventRounds "14"]
[EventCountry "ESP"]
[Source "lmi"]
[SourceDate "2004.10.27"]

1. e4 c5 2. Nf3 Nc6 3. d4 cxd4 4. Nxd4 g6 5. c4 Bg7 6. Be3 Nf6 7. Nc3 Ng4 8.
Qxg4 Nxd4 9. Qd1 Ne6 10. Rc1 Qa5 11. Qd2 b6 12. Be2 Bb7 13. f3 h5 14. O-O g5
15. c5 bxc5 16. Bxg5 Rg8 17. Kh1 Bxc3 0-1

[Event "Olimpiada Calviá 2004"]
[Site "Calviá ESP"]
[Date "2004.10.20"]
[Round "6.60"]
[White "Rowe, Peter"]
[Black "Matthews, Shane"]
[Result "0-1"]
[WhiteElo "2085"]
[BlackElo "2251"]
[PlyCount "80"]
[EventDate "2004.10.15"]
[EventType "team"]
[EventRounds "14"]
[EventCountry "ESP"]
[Source "lmi"]
[SourceDate "2004.10.27"]

1. d4 Nf6 2. Nf3 g6 3. Bf4 Bg7 4. e3 d6 5. h3 Nbd7 6. Be2 O-O 7. O-O c5 8. c3
b6 9. a4 a6 10. Nbd2 Bb7 11. b4 Nd5 12. Qb3 h6 13. Bh2 Rc8 14. Rfc1 Qc7 15.
bxc5 bxc5 16. Rab1 Rb8 17. Qa2 Qa5 18. Qa3 Bc6 19. Ra1 Rfc8 20. Nc4 Qd8 21. e4
N5b6 22. Ncd2 a5 23. Bb5 Bxb5 24. axb5 a4 25. Rab1 cxd4 26. cxd4 Rxc1+ 27. Rxc1
Rc8 28. Bf4 Rxc1+ 29. Qxc1 Qa8 30. Qa3 Qa5 31. e5 dxe5 32. dxe5 e6 33. Qe7 a3
34. Qe8+ Nf8 35. Ne4 a2 36. Kh2 a1=Q 37. Nf6+ Bxf6 38. exf6 Qxf6 39. Be5 Qf5
40. Bd6 Qa8 0-1

[Event "Olimpiada Calviá 2004"]
[Site "Calviá ESP"]
[Date "2004.10.20"]
[Round "6.60"]
[White "Rowe, Duane"]
[Black "Hamperl, Fred"]
[Result "1-0"]
[WhiteElo "2197"]
[BlackElo "1961"]
[PlyCount "125"]
[EventDate "2004.10.15"]
[EventType "team"]
[EventRounds "14"]
[EventCountry "ESP"]
[Source "lmi"]
[SourceDate "2004.10.27"]

1. e4 c5 2. Nf3 Nc6 3. Bb5 g6 4. O-O Bg7 5. c3 Nf6 6. Re1 O-O 7. d4 cxd4 8.
cxd4 d5 9. e5 Ne4 10. Nc3 Nxc3 11. bxc3 Qa5 12. Bxc6 bxc6 13. Bg5 Qc7 14. Nd2
f6 15. exf6 exf6 16. Bh4 Ba6 17. Nb3 Rae8 18. Nc5 Bc8 19. Qa4 f5 20. f3 Kf7 21.
Qc2 Rxe1+ 22. Rxe1 Re8 23. Rxe8 Kxe8 24. Qd2 h6 25. f4 Kf7 26. Qe3 Qd6 27. h3
Bf6 28. Bxf6 Qxf6 29. Qe5 Qxe5 30. fxe5 g5 31. Kf2 Kg6 32. Kf3 Kf7 33. g3 Kg6
34. a4 f4 35. h4 fxg3 36. Kxg3 gxh4+ 37. Kxh4 h5 38. Nd3 a5 39. Nc5 Bg4 40. Nb7
Bd1 41. Nxa5 Bxa4 42. Nb7 Bb5 43. Nd8 Ba4 44. Ne6 Kf5 45. Nc5 Bd1 46. Nd3 Be2
47. Nb4 Bb5 48. Kxh5 Ke6 49. Kg5 c5 50. Nc2 Bd3 51. Ne3 cxd4 52. cxd4 Be4 53.
Ng4 Bc2 54. Nf2 Ba4 55. Nd3 Bc6 56. Nc5+ Ke7 57. Kf5 Bb5 58. e6 Bf1 59. Ke5 Bg2
60. Nd3 Bh3 61. Nf4 Bg4 62. Nxd5+ Kd8 63. e7+ 1-0

[Event "Olimpiada Calviá 2004"]
[Site "Calviá ESP"]
[Date "2004.10.20"]
[Round "6.62"]
[White "Kovacova, Zuzana"]
[Black "Mutabazi, Fidele"]
[Result "1-0"]
[WhiteElo "2039"]
[BlackElo "2200"]
[PlyCount "81"]
[EventDate "2004.10.15"]
[EventType "team"]
[EventRounds "14"]
[EventCountry "ESP"]
[Source "lmi"]
[SourceDate "2004.10.27"]

1. e4 d6 2. d4 Nf6 3. Bd3 Nc6 4. c3 a6 5. f4 Bg4 6. Nf3 g6 7. O-O Bg7 8. Qb3
Rb8 9. Ng5 O-O 10. h3 Bd7 11. e5 Ne8 12. Nd2 e6 13. g4 Bc8 14. Be4 dxe5 15.
Bxc6 bxc6 16. Qxb8 exd4 17. cxd4 Bxd4+ 18. Kg2 Qd5+ 19. Ngf3 Qd7 20. Qb3 Nf6
21. Nxd4 Qxd4 22. Nf3 Qd8 23. Ne5 Qd6 24. Rd1 Nd5 25. a3 f6 26. Nc4 Qe7 27. Bd2
Qg7 28. Kg3 h5 29. Rg1 Rd8 30. Bc3 Qh6 31. Rad1 Re8 32. Bd2 h4+ 33. Kg2 Qg7 34.
Na5 c5 35. Qc4 Qe7 36. Nb3 c6 37. Nxc5 Nb6 38. Qc2 Kf7 39. Ne4 Qc7 40. Ba5 Kg7
41. Qc5 1-0

[Event "Olimpiada Calviá 2004"]
[Site "Calviá ESP"]
[Date "2004.10.20"]
[Round "6.64"]
[White "Weeramantry, Sunil"]
[Black "Krylov, Sergey"]
[Result "1-0"]
[WhiteElo "2231"]
[BlackElo "2407"]
[PlyCount "105"]
[EventDate "2004.10.15"]
[EventType "team"]
[EventRounds "14"]
[EventCountry "ESP"]
[Source "lmi"]
[SourceDate "2004.10.27"]

1. e4 c5 2. Nc3 a6 3. f4 b5 4. Nf3 Bb7 5. d4 cxd4 6. Qxd4 e6 7. Bd3 Nc6 8. Qf2
Nb4 9. Be3 Nf6 10. h3 d5 11. e5 Ne4 12. Bxe4 dxe4 13. Ng5 Rc8 14. a3 Nd5 15.
Rd1 Qc7 16. Ngxe4 b4 17. Nd6+ Bxd6 18. exd6 Qxd6 19. Ne4 Qc6 20. Bc5 Rd8 21.
axb4 Ne3 22. Nd6+ Rxd6 23. Rxd6 Nxg2+ 24. Kd2 Qe4 25. Rd4 Qf5 26. Rf1 f6 27.
Rg1 Qxh3 28. Rd3 Qh2 29. Rg3 Kf7 30. R1xg2 Rd8+ 31. Kc1 Bxg2 32. Qxg2 Qxg2 33.
Rxg2 h6 34. Rg3 Rc8 35. Bd4 g5 36. fxg5 hxg5 37. Kd2 Kg6 38. Kd3 Rd8 39. Kc4 e5
40. Be3 Kf5 41. b5 axb5+ 42. Kxb5 Ke4 43. c4 Rd3 44. Bf2 Rd2 45. Be1 Rxb2+ 46.
Bb4 Kf4 47. Rc3 g4 48. c5 g3 49. c6 g2 50. Rc1 e4 51. c7 Rc2 52. Rxc2 g1=Q 53.
c8=Q 1-0

[Event "Olimpiada Calviá 2004"]
[Site "Calviá ESP"]
[Date "2004.10.20"]
[Round "6.64"]
[White "Wijesurija, G  Laxman"]
[Black "Mora Manez, Julio"]
[Result "1-0"]
[WhiteElo "2124"]
[BlackElo "2064"]
[PlyCount "77"]
[EventDate "2004.10.15"]
[EventType "team"]
[EventRounds "14"]
[EventCountry "ESP"]
[Source "lmi"]
[SourceDate "2004.10.27"]

1. Nf3 Nf6 2. g3 g6 3. Bg2 Bg7 4. c4 O-O 5. Nc3 d6 6. d3 Nc6 7. O-O Nh5 8. Rb1
f5 9. Bd2 f4 10. b4 Bg4 11. Qc1 fxg3 12. fxg3 Qd7 13. Bh6 Rae8 14. Bxg7 Kxg7
15. Qe3 a6 16. b5 axb5 17. cxb5 Nd8 18. a4 b6 19. Nd5 e5 20. Rbc1 Ne6 21. Ng5
Nc5 22. Rxf8 Rxf8 23. Rc4 Nf6 24. Nxf6 Rxf6 25. h3 Be6 26. Rh4 Bg8 27. Bd5 h5
28. Bxg8 Kxg8 29. Rc4 Qf5 30. Rc1 Nxa4 31. Ne4 Rf7 32. Ra1 Nc5 33. Qh6 Rf8 34.
Ng5 Qf2+ 35. Kh1 Re8 36. Qxg6+ Kf8 37. Qxh5 e4 38. Qh8+ Ke7 39. Qg7+ 1-0

[Event "Olimpiada Calviá 2004"]
[Site "Calviá ESP"]
[Date "2004.10.20"]
[Round "6.64"]
[White "Pohlers, Rolf"]
[Black "Edirisinghe, Dulan"]
[Result "0-1"]
[WhiteElo "2148"]
[BlackElo "2175"]
[PlyCount "28"]
[EventDate "2004.10.15"]
[EventType "team"]
[EventRounds "14"]
[EventCountry "ESP"]
[Source "lmi"]
[SourceDate "2004.10.27"]

1. d4 Nf6 2. c4 g6 3. Nc3 Bg7 4. e4 d6 5. Nf3 O-O 6. h3 c5 7. d5 e5 8. dxe6
fxe6 9. Bg5 Qa5 10. Qd2 Nc6 11. Be2 Nd4 12. Rd1 e5 13. O-O Be6 14. b3 Qxc3 0-1

[Event "Olimpiada Calviá 2004 Femenina"]
[Site "Calviá ESP"]
[Date "2004.10.20"]
[Round "6.20"]
[White "Salman, Mahini Mona"]
[Black "Khamrakulova, Ulduz"]
[Result "1-0"]
[WhiteElo "2166"]
[BlackElo "2123"]
[PlyCount "143"]
[EventDate "2004.10.15"]
[EventType "team"]
[EventRounds "14"]
[EventCountry "ESP"]
[Source "lmi"]
[SourceDate "2004.10.27"]

1. e4 e6 2. d4 d5 3. Nc3 Bb4 4. e5 c5 5. a3 Bxc3+ 6. bxc3 Ne7 7. Qg4 Ng6 8. h4
h5 9. Qg3 c4 10. Ne2 Nc6 11. Nf4 Nce7 12. Nxg6 Nxg6 13. Be2 Bd7 14. a4 Qa5 15.
Ba3 Rh7 16. Kd2 O-O-O 17. Bb4 Qc7 18. a5 Bb5 19. Bc5 Rdh8 20. Bxa7 Ne7 21. Rhb1
Ba6 22. Bb6 Qd7 23. Bc5 Nf5 24. Qf4 Rg8 25. Qg5 Qd8 26. Qxd8+ Kxd8 27. Rh1 Kd7
28. Bxh5 Rxh5 29. g4 Rxh4 30. gxf5 Rxh1 31. fxe6+ Kxe6 32. Rxh1 Bb5 33. Ke3 Rd8
34. Bb6 Rg8 35. Rb1 Bc6 36. Kf4 Rh8 37. Bc5 Ra8 38. Rg1 Rg8 39. Kg5 Rh8 40. Kg4
Rg8 41. Rh1 Ra8 42. f4 Rg8 43. f5+ Kd7 44. Kg5 Ba4 45. Rb1 Bc6 46. Re1 Re8 47.
Rh1 Rg8 48. Rh7 Kd8 49. e6 f6+ 50. Kf4 Ba4 51. Rh2 Kc7 52. Bb6+ Kd6 53. Re2 Ke7
54. Bc5+ Ke8 55. Kg4 Rh8 56. Bd6 Rh7 57. Rg2 Rh8 58. Rg1 Bb5 59. Rb1 Ba6 60.
Rb6 Rh1 61. Bg3 Rc1 62. Rd6 Rxc2 63. Rd7 Rxc3 64. Rxg7 Rc1 65. Rc7 c3 66. Bd6
b6 67. axb6 c2 68. Ba3 Rb1 69. Rxc2 Rxb6 70. Rh2 Kd8 71. e7+ Kd7 72. Rh8 1-0

[Event "Olimpiada Calviá 2004"]
[Site "Calviá ESP"]
[Date "2004.10.22"]
[Round "7.2"]
[White "Romero Holmes, Alfonso"]
[Black "Guseinov, Gadir"]
[Result "0-1"]
[WhiteElo "2514"]
[BlackElo "2552"]
[PlyCount "168"]
[EventDate "2004.10.15"]
[EventType "team"]
[EventRounds "14"]
[EventCountry "ESP"]
[Source "lmi"]
[SourceDate "2004.10.27"]

1. d4 Nf6 2. c4 g6 3. Nc3 Bg7 4. e4 d6 5. h3 O-O 6. Be3 c5 7. dxc5 Qa5 8. Bd3
dxc5 9. e5 Nfd7 10. f4 Rd8 11. Nf3 Nxe5 12. Nxe5 Bxe5 13. fxe5 Bf5 14. O-O Rxd3
15. Qe2 Rxc3 16. bxc3 Be6 17. Rab1 Qc7 18. Rf4 Nd7 19. Qf3 Rb8 20. Rh4 Qxe5 21.
Qf4 Qg7 22. Qg3 Qxc3 23. Bf4 Qxg3 24. Bxg3 Bf5 25. Re1 Re8 26. Rf4 e5 27. Rf3
f6 28. Ra3 Ra8 29. Re2 Kf7 30. Rb2 b6 31. Re2 Ke7 32. Bh4 Be6 33. Rc3 g5 34.
Bg3 Rg8 35. Ra3 Ra8 36. Rc3 h5 37. h4 Rg8 38. hxg5 Rxg5 39. Re4 Rg8 40. Ra3 a5
41. Rc3 Bf5 42. Re2 Rg4 43. Bf2 Be6 44. Rec2 f5 45. a3 a4 46. Rh3 Bf7 47. Rh4
f4 48. Rxg4 hxg4 49. g3 Ke6 50. Rd2 Bg6 51. Kf1 Be4 52. Kg1 Bf3 53. Kh2 Nf6 54.
Rb2 Nd7 55. Rd2 Bb7 56. Kg1 Bc6 57. Kh2 f3 58. Rb2 Bb7 59. Be3 Ba6 60. Rc2 e4
61. Kg1 Ne5 62. Rh2 Nxc4 63. Rh6+ Kd5 64. Kf2 Nb2 65. Ke1 Nc4 66. Kf2 Bc8 67.
Rh8 Bd7 68. Rh6 Nb2 69. Ke1 Nd3+ 70. Kd2 b5 71. Rh7 Be6 72. Ra7 Ne5 73. Ke1 Nc4
74. Kf2 Ne5 75. Ke1 Nc6 76. Ra6 Bd7 77. Ra8 Kc4 78. Kd2 Nd4 79. Rd8 Be6 80. Rd6
Bd5 81. Ra6 Nf5 82. Bf2 e3+ 83. Bxe3 Nxg3 84. Rg6 Nf1+ 0-1

[Event "Olimpiada Calviá 2004"]
[Site "Calviá ESP"]
[Date "2004.10.22"]
[Round "7.3"]
[White "Delchev, Aleksander"]
[Black "Svidler, Peter"]
[Result "1/2-1/2"]
[WhiteElo "2601"]
[BlackElo "2735"]
[PlyCount "61"]
[EventDate "2004.10.15"]
[EventType "team"]
[EventRounds "14"]
[EventCountry "ESP"]
[Source "lmi"]
[SourceDate "2004.10.27"]

1. e4 c5 2. Nf3 d6 3. Bb5+ Nd7 4. c3 Ngf6 5. Qe2 a6 6. Ba4 b5 7. Bc2 e5 8. d4
Be7 9. O-O O-O 10. Rd1 Qc7 11. a4 Bb7 12. dxe5 dxe5 13. axb5 axb5 14. Rxa8 Rxa8
15. Na3 b4 16. Nc4 h6 17. Bd2 Bf8 18. h3 Bc6 19. Rc1 Qb8 20. Bd3 Bb7 21. Be1
Nh5 22. g3 Qe8 23. Nh2 Nhf6 24. Nf3 Qe6 25. h4 Qg4 26. Nfxe5 Nxe5 27. Nxe5 Qxe2
28. Bxe2 Re8 29. Nc4 Nxe4 30. Kf1 bxc3 31. Bxc3 1/2-1/2

[Event "Olimpiada Calviá 2004"]
[Site "Calviá ESP"]
[Date "2004.10.22"]
[Round "7.3"]
[White "Grischuk, Alexander"]
[Black "Cheparinov, Ivan"]
[Result "0-1"]
[WhiteElo "2704"]
[BlackElo "2576"]
[PlyCount "78"]
[EventDate "2004.10.15"]
[EventType "team"]
[EventRounds "14"]
[EventCountry "ESP"]
[Source "lmi"]
[SourceDate "2004.10.27"]

1. e4 c5 2. Nf3 Nc6 3. Nc3 e5 4. Bc4 d6 5. d3 Be7 6. O-O Nf6 7. Ng5 O-O 8. f4
Bg4 9. Qe1 exf4 10. Bxf4 Nd4 11. Qd2 h6 12. Nf3 Bxf3 13. gxf3 Qd7 14. Be3 b5
15. Bxd4 bxc4 16. Bxf6 Bxf6 17. dxc4 Bd4+ 18. Kh1 f5 19. Nd5 fxe4 20. c3 Be5
21. f4 Bf6 22. Rae1 Rae8 23. Qg2 Qf5 24. Re3 Re6 25. Rh3 Bd8 26. Ne3 Qh7 27.
Qg4 Qg6 28. Qd1 Qf7 29. Rg3 Kh8 30. Qd5 Ree8 31. Qxd6 Bc7 32. Qxc5 Bxf4 33. Nd5
Qh5 34. Rg2 e3 35. Rfg1 Bxh2 36. Rxh2 Qf3+ 37. Rhg2 Rf5 38. Re1 Rg5 39. Ree2
Rxg2 0-1

[Event "Olimpiada Calviá 2004"]
[Site "Calviá ESP"]
[Date "2004.10.22"]
[Round "7.4"]
[White "Akopian, Vladimir"]
[Black "Gelfand, Boris"]
[Result "1/2-1/2"]
[WhiteElo "2692"]
[BlackElo "2693"]
[PlyCount "72"]
[EventDate "2004.10.15"]
[EventType "team"]
[EventRounds "14"]
[EventCountry "ESP"]
[Source "lmi"]
[SourceDate "2004.10.27"]

1. e4 e5 2. Nf3 Nf6 3. Nxe5 d6 4. Nf3 Nxe4 5. d4 d5 6. Bd3 Nc6 7. O-O Be7 8. c4
Nb4 9. Be2 O-O 10. Nc3 Bf5 11. a3 Nxc3 12. bxc3 Nc6 13. Re1 Re8 14. cxd5 Qxd5
15. Bf4 Rac8 16. Bd3 Qd7 17. Rb1 Bxd3 18. Qxd3 b6 19. d5 Bf6 20. c4 h6 21. h3
Rxe1+ 22. Rxe1 Ne7 23. Ne5 Bxe5 24. Bxe5 Nf5 25. Bb2 Rf8 26. Re5 Nd6 27. Qg3 f6
28. Re6 Rf7 29. Qg6 Kh8 30. h4 Re7 31. Bxf6 gxf6 32. Qxh6+ Kg8 33. Qxf6 Rg7 34.
Qf3 Qf7 35. Rf6 Qe7 36. g3 Rf7 1/2-1/2

[Event "Olimpiada Calviá 2004"]
[Site "Calviá ESP"]
[Date "2004.10.22"]
[Round "7.5"]
[White "Jobava, Baadur"]
[Black "Delgado, Neuris"]
[Result "1-0"]
[WhiteElo "2614"]
[BlackElo "2554"]
[PlyCount "67"]
[EventDate "2004.10.15"]
[EventType "team"]
[EventRounds "14"]
[EventCountry "ESP"]
[Source "lmi"]
[SourceDate "2004.10.27"]

1. d4 Nf6 2. c4 e6 3. Nf3 b6 4. Bg5 Bb7 5. Nc3 h6 6. Bh4 Be7 7. e3 Ne4 8. Nxe4
Bxe4 9. Bg3 O-O 10. Nd2 Bb7 11. Bd3 d6 12. O-O Nd7 13. e4 Bh4 14. Bxh4 Qxh4 15.
f4 e5 16. fxe5 dxe5 17. d5 c6 18. Rc1 Qe7 19. Qe2 Nc5 20. Bb1 a5 21. Rf3 Rad8
22. Qf2 Ba6 23. b3 Rc8 24. Nf1 cxd5 25. exd5 g6 26. Re1 Nd7 27. Ne3 b5 28. Nf5
Qc5 29. Ree3 e4 30. Nxh6+ Kg7 31. Nf5+ gxf5 32. Qg3+ Kf6 33. Qh4+ Ke5 34. Rxf5+
1-0

[Event "Olimpiada Calviá 2004"]
[Site "Calviá ESP"]
[Date "2004.10.22"]
[Round "7.5"]
[White "Quezada, Yuniesky"]
[Black "Gagunashvili, Merab"]
[Result "1-0"]
[WhiteElo "2513"]
[BlackElo "2567"]
[PlyCount "77"]
[EventDate "2004.10.15"]
[EventType "team"]
[EventRounds "14"]
[EventCountry "ESP"]
[Source "lmi"]
[SourceDate "2004.10.27"]

1. e4 d6 2. d4 Nf6 3. Nc3 g6 4. Be3 c6 5. Qd2 Nbd7 6. Nf3 Bg7 7. h3 Qc7 8. Bd3
O-O 9. O-O e5 10. a4 a5 11. Rfe1 Re8 12. Rad1 b6 13. Bc4 Bb7 14. d5 cxd5 15.
Bxd5 Nxd5 16. Nxd5 Bxd5 17. Qxd5 Nf6 18. Qb3 Nxe4 19. Bxb6 Qb7 20. Rd5 Ra6 21.
Rb5 Qc6 22. Bxa5 Nc5 23. Qc4 Rea8 24. Ng5 Qd7 25. b4 Nxa4 26. Rd5 Rc6 27. Qh4
h6 28. Ne4 Qe6 29. Red1 Bf8 30. b5 Be7 31. Qxh6 Rxa5 32. Qd2 Rc4 33. Nxd6 Rc3
34. Ne4 Qc8 35. Rxe5 Ra7 36. Nxc3 Nxc3 37. Rde1 Bf8 38. Re8 Qc5 39. Rxf8+ 1-0

[Event "Olimpiada Calviá 2004"]
[Site "Calviá ESP"]
[Date "2004.10.22"]
[Round "7.6"]
[White "Lautier, Joel"]
[Black "Movsesian, Sergei"]
[Result "1/2-1/2"]
[WhiteElo "2682"]
[BlackElo "2629"]
[PlyCount "59"]
[EventDate "2004.10.15"]
[EventType "team"]
[EventRounds "14"]
[EventCountry "ESP"]
[Source "lmi"]
[SourceDate "2004.10.27"]

1. d4 d5 2. c4 c6 3. Nf3 Nf6 4. e3 a6 5. Bd3 b5 6. cxd5 cxd5 7. a4 b4 8. a5 e6
9. Nbd2 Bd6 10. O-O Bb7 11. Ne5 O-O 12. f4 Nc6 13. Nb3 Ne4 14. Bxe4 dxe4 15.
Nc4 Ne7 16. Bd2 Nd5 17. Nxd6 Qxd6 18. Nc5 Rfb8 19. Qe1 Bc6 20. Nxe4 Qd8 21. Nc5
Nf6 22. Qg3 Ne4 23. Nxe4 Bxe4 24. Rfc1 Rb5 25. Rc4 Rxa5 26. Rac1 Rb5 27. Bxb4
h6 28. Ba3 Rb3 29. Rc7 Rd3 30. Qe1 1/2-1/2

[Event "Olimpiada Calviá 2004"]
[Site "Calviá ESP"]
[Date "2004.10.22"]
[Round "7.6"]
[White "Ftacnik, Lubomir"]
[Black "Dorfman, Josif D"]
[Result "1/2-1/2"]
[WhiteElo "2533"]
[BlackElo "2596"]
[PlyCount "40"]
[EventDate "2004.10.15"]
[EventType "team"]
[EventRounds "14"]
[EventCountry "ESP"]
[Source "lmi"]
[SourceDate "2004.10.27"]

1. d4 d5 2. Nf3 Nf6 3. c4 c6 4. Nc3 dxc4 5. a4 Bg4 6. Ne5 Bh5 7. g3 e6 8. Bg2
Bb4 9. Nxc4 Nd5 10. Bd2 Nb6 11. Qb3 a5 12. Ne4 Nxc4 13. Bxb4 axb4 14. Qxc4 Na6
15. O-O O-O 16. e3 Bg6 17. Rfc1 Bxe4 18. Bxe4 Qe7 19. a5 Rfd8 20. Qb3 g6
1/2-1/2

[Event "Olimpiada Calviá 2004"]
[Site "Calviá ESP"]
[Date "2004.10.22"]
[Round "7.6"]
[White "Degraeve, Jean-Marc"]
[Black "Manik, Mikulas"]
[Result "1/2-1/2"]
[WhiteElo "2551"]
[BlackElo "2510"]
[PlyCount "63"]
[EventDate "2004.10.15"]
[EventType "team"]
[EventRounds "14"]
[EventCountry "ESP"]
[Source "lmi"]
[SourceDate "2004.10.27"]

1. e4 c5 2. Nf3 Nc6 3. Bb5 g6 4. O-O Bg7 5. Re1 Nf6 6. e5 Nd5 7. Nc3 Nc7 8.
Bxc6 dxc6 9. Ne4 Ne6 10. d3 b6 11. Bd2 O-O 12. Qc1 Re8 13. Bh6 Bh8 14. Neg5 f6
15. exf6 exf6 16. Nxe6 Bxe6 17. Qf4 Qd7 18. Re3 Bd5 19. Rae1 Rxe3 20. Rxe3 Bxf3
21. Qxf3 f5 22. b3 Bd4 23. Re2 Re8 24. Bf4 Rxe2 25. Qxe2 Kf7 26. Kf1 h5 27. h4
Bf6 28. g3 Qd5 29. Kg1 Qe6 30. Qf3 Qd5 31. Qxd5+ cxd5 32. c4 1/2-1/2

[Event "Olimpiada Calviá 2004"]
[Site "Calviá ESP"]
[Date "2004.10.22"]
[Round "7.6"]
[White "Mrva, Martin"]
[Black "Fontaine, Robert"]
[Result "0-1"]
[WhiteElo "2507"]
[BlackElo "2531"]
[PlyCount "78"]
[EventDate "2004.10.15"]
[EventType "team"]
[EventRounds "14"]
[EventCountry "ESP"]
[Source "lmi"]
[SourceDate "2004.10.27"]

1. Nf3 d5 2. d4 Nf6 3. c4 c6 4. Nc3 a6 5. e3 b5 6. c5 Nbd7 7. Qb3 Rb8 8. e4 b4
9. Bf4 bxc3 10. Bxb8 cxb2 11. Rb1 Qa5+ 12. Kd1 Nxe4 13. Rxb2 g6 14. Ne5 Nxe5
15. Bxe5 f6 16. Bf4 Bg7 17. f3 Nc3+ 18. Kc1 Nb5 19. Bd2 Qc7 20. Qb4 e5 21. Bxb5
axb5 22. Re1 O-O 23. g3 Bf5 24. Rb3 Qd7 25. Ra3 Re8 26. Rae3 h5 27. Kb2 Kh7 28.
Qa5 g5 29. Bc3 Bg6 30. f4 gxf4 31. gxf4 Bh6 32. Bd2 Qf5 33. Rc3 exd4 34. Rcc1
Rxe1 35. Rxe1 Bxf4 36. Ka1 Be3 37. Qc7+ Kh6 38. Ba5 d3 39. Qd6 Bd4+ 0-1

[Event "Olimpiada Calviá 2004"]
[Site "Calviá ESP"]
[Date "2004.10.22"]
[Round "7.7"]
[White "Macieja, Bartlomiej"]
[Black "Torre, Eugenio"]
[Result "1/2-1/2"]
[WhiteElo "2613"]
[BlackElo "2518"]
[PlyCount "73"]
[EventDate "2004.10.15"]
[EventType "team"]
[EventRounds "14"]
[EventCountry "ESP"]
[Source "lmi"]
[SourceDate "2004.10.27"]

1. e4 d6 2. d4 g6 3. Bc4 Nf6 4. Qe2 Nc6 5. d5 Ne5 6. Bb3 Ned7 7. f4 Nc5 8. Nc3
Nxb3 9. axb3 Bg7 10. Nf3 O-O 11. O-O e6 12. dxe6 fxe6 13. e5 Nd5 14. Qc4 Nb6
15. Qd3 dxe5 16. Qxd8 Rxd8 17. fxe5 Bd7 18. Bg5 Rf8 19. Ne4 Bc6 20. Nf6+ Bxf6
21. Bxf6 Bxf3 22. Rxf3 Nd7 23. Kf2 Nxf6 24. exf6 Rfd8 25. Ke3 Kf7 26. g4 Rd5
27. c4 Rd7 28. g5 a6 29. Rh3 h5 30. Re1 Rad8 31. Kf2 Rd4 32. Rhe3 Rf4+ 33. Rf3
Rg4 34. Rg3 Rf4+ 35. Rf3 Rg4 36. Rg3 Rf4+ 37. Rf3 1/2-1/2

[Event "Olimpiada Calviá 2004"]
[Site "Calviá ESP"]
[Date "2004.10.22"]
[Round "7.7"]
[White "Kempinski, Robert"]
[Black "Senador, Emmanuel"]
[Result "1-0"]
[WhiteElo "2608"]
[BlackElo "2432"]
[PlyCount "57"]
[EventDate "2004.10.15"]
[EventType "team"]
[EventRounds "14"]
[EventCountry "ESP"]
[Source "lmi"]
[SourceDate "2004.10.27"]

1. d4 Nf6 2. c4 e6 3. Nf3 c5 4. e3 cxd4 5. exd4 d5 6. Nc3 Nc6 7. a3 Be7 8. c5
Ne4 9. Qc2 Nxc3 10. Qxc3 b6 11. b4 bxc5 12. bxc5 O-O 13. Bb5 Bd7 14. O-O Bf6
15. Rb1 Rb8 16. Bd3 Nxd4 17. Nxd4 e5 18. Qc2 Rxb1 19. Bxh7+ Kh8 20. Qxb1 exd4
21. Bd3 Qc7 22. Bd2 Rb8 23. Qd1 g6 24. Qf3 Qc6 25. h4 Kg7 26. h5 Rh8 27. h6+
Kg8 28. Bb5 Qxb5 29. Qxf6 1-0

[Event "Olimpiada Calviá 2004"]
[Site "Calviá ESP"]
[Date "2004.10.22"]
[Round "7.7"]
[White "Laylo, Darwin"]
[Black "Socko, Bartosz"]
[Result "0-1"]
[WhiteElo "2328"]
[BlackElo "2570"]
[PlyCount "84"]
[EventDate "2004.10.15"]
[EventType "team"]
[EventRounds "14"]
[EventCountry "ESP"]
[Source "lmi"]
[SourceDate "2004.10.27"]

1. d4 Nf6 2. c4 g6 3. g3 Bg7 4. Bg2 O-O 5. Nc3 d6 6. e4 c5 7. dxc5 dxc5 8. Qxd8
Rxd8 9. Nge2 Nc6 10. O-O Nd4 11. Rb1 e5 12. b3 Bg4 13. f3 Bd7 14. Be3 a6 15.
Nc1 Be6 16. Rb2 Rab8 17. a4 Ne8 18. Rd1 Nd6 19. Nd3 Rdc8 20. a5 b5 21. axb6
Rxb6 22. Na4 Rbc6 23. Bxd4 exd4 24. f4 R6c7 25. e5 Nf5 26. Ra1 Ne3 27. Be4 Bf8
28. Nb6 Rb8 29. Rxa6 Nd1 30. Rd2 Nc3 31. Bf3 Bf5 32. Nf2 h5 33. Kg2 Re7 34. Bd5
Nxd5 35. cxd5 Reb7 36. Na4 Rxb3 37. d6 Rc8 38. Nxc5 Rxc5 39. Rxd4 Rc2 40. Ra1
Rbb2 41. Rf1 Bd7 42. Kf3 Bc6+ 0-1

[Event "Olimpiada Calviá 2004"]
[Site "Calviá ESP"]
[Date "2004.10.22"]
[Round "7.8"]
[White "Perunovic, Milos"]
[Black "Papaioannou, Ioannis"]
[Result "1/2-1/2"]
[WhiteElo "2575"]
[BlackElo "2577"]
[PlyCount "90"]
[EventDate "2004.10.15"]
[EventType "team"]
[EventRounds "14"]
[EventCountry "ESP"]
[Source "lmi"]
[SourceDate "2004.10.27"]

1. e4 c6 2. d4 d5 3. e5 Bf5 4. Nf3 e6 5. Be2 Nd7 6. O-O Bg6 7. c3 Nh6 8. Bxh6
gxh6 9. Nbd2 f6 10. Nh4 fxe5 11. Nxg6 hxg6 12. dxe5 Nxe5 13. f4 Nd7 14. Bg4
Bc5+ 15. Kh1 Nf8 16. Nb3 Qd6 17. Qe2 Bb6 18. Rae1 O-O-O 19. Bxe6+ Nxe6 20.
Qxe6+ Qxe6 21. Rxe6 Rhg8 22. g3 Rde8 23. Rfe1 Rxe6 24. Rxe6 Kd7 25. Re2 g5 26.
fxg5 hxg5 27. Kg2 g4 28. Nc1 Bc7 29. Nd3 Bd6 30. a4 Rg5 31. Re3 b6 32. h3 gxh3+
33. Kxh3 Rh5+ 34. Kg2 a6 35. Nf4 Rg5 36. Kf3 c5 37. Re2 c4 38. g4 b5 39. axb5
axb5 40. Rd2 Kc6 41. Ne6 Rg8 42. Nd4+ Kc5 43. Ne6+ Kc6 44. Nd4+ Kc5 45. Ne6+
Kc6 1/2-1/2